| 000 -LEADER | |
|---|---|
| fixed length control field | 00265nam a22001217a 4500 |
| 020 ## - INTERNATIONAL STANDARD BOOK NUMBER | |
| ISBN | 074942883x |
| 050 ## - LIBRARY OF CONGRESS CALL NUMBER | |
| Classification number | HG5380 |
| 100 ## - MAIN ENTRY--AUTHOR NAME | |
| Personal name | Hogg, Victoria |
| 245 ## - TITLE STATEMENT | |
| Title | So...you want to be a lawyer? |
| 260 ## - PUBLICATION, DISTRIBUTION, ETC. (IMPRINT) | |
| Place of publication | London |
| Name of publisher | Kogan Page |
| Year of publication | 1999 |
| 300 ## - PHYSICAL DESCRIPTION | |
| Number of Pages | iv, 59p. |
| 942 ## - ADDED ENTRY ELEMENTS (KOHA) | |
| Koha item type | Books |
| Koha item type | Collection code | Shelving location | Accession Number | Permanent Location | Current Location | Date acquired | Full call number |
|---|---|---|---|---|---|---|---|
| Books | Reference | Reference | 2144 | Chapman Library | Chapman Library | 2017-01-04 | HG5380hog |

